000 00568nam a2200181Ia 4500
008 090123s9999 xx 000 0 und d
082 _b33550
_a923.254/टिळक
100 _aटिळक ज.श्री.
245 _aमी जयंत टिळक
250 _a1
260 _bपद्मगंधा प्रकाशन
_c2002
300 _a224
600 _aटिळक ज.श्री.
630 _aमी जयंत टिळक
700 _aटिळक ज.श्री.
730 _aमी जयंत टिळक
942 _cBOOK
999 _c71609
_d71609